000 00220nam a22000857a 4500
008 161201b xxu||||| |||| 00| 0 eng d
100 _91671
_aLabatt.M
245 _aSam wonts to play
260 _aNew Delhi
_bN.Y Scholastics
_c2006
999 _c4384
_d4384